00722 2200205 4500001002100000005001700021008004100038035002400079082001200103090001700115245014100132260011000273300003200383500002600415500001900441650002000460850001500480985000600495999001500501YOGYA-0209000002926820090227024318.0 ind  0010-020900000029268 a959.851 a959.851bDam aDAMPAK sosial budaya akibat menyempitnya lahan pertanian daerah BalibTim Peneliti/penulis Ketut Sudhana Astika ... editor Ketut Darmana aDenpasarbDepdikbud Direktorat Jenderal Kebudayaan Direktorat Sejarah dan Nilai Tradisional ..c1994/1995 axviii, 217 hlmbilusc23 cm aAstika, Ketut Sudhana aDarmana, Ketut aKebudayaan Bali aYOPDYOG(B) a1 a96A0025172